| 000 | 00929nam a2200265 i 4500 | ||
|---|---|---|---|
| 001 | bg | ||
| 100 | 1 |
_aLENZ, Jakob Michael Reinhold _d(1751-1792) |
|
| 245 | 1 | 0 |
_aDer Hofmeister oder Vorteile der Privaterziehung : _beine Komödie / _cJakob Michael Reinhold Lenz ; Anm. von Friedrich Voit, Nachw. von Karl S. Guthke. |
| 260 |
_aStuttgart : _bPhilipp Reclam, _c2002. |
||
| 300 |
_a125 s. ; _c15 cm. |
||
| 490 | 1 |
_aUniversal-Bibliothek ; _vNr 1376 |
|
| 650 | 9 |
_aDramat niemiecki _y18 w. |
|
| 650 | 9 |
_aKomedia niemiecka _y18 w. |
|
| 700 | 1 | _aVOIT, Friedrich | |
| 700 | 1 | _aGUTHKE, Karl S. | |
| 830 | _aUniversal-Bibliothek ; | ||
| 020 | _a3150013763 | ||
| 040 | _cBPK | ||
| 041 | 0 | _ager | |
| 080 | _a821.112.2-2 | ||
| 920 | _a3-15-001376-3 | ||
| 942 | _cKS | ||
| 008 | s pl f |000 0 pol | ||
| 999 |
_c45945 _d45945 |
||
| 856 |
_uhttp://koha.tu.koszalin.pl/cgi-bin/koha/opac-detail.pl?biblionumber=45945 _yKatalog online BPK |
||